ბათუმის შოთა რუსთაველის სახელმწიფო უნივერსიტეტის ბიბლიოთეკა

Введение в теоретическую электротехнику. (ბიბ.ჩანაწერი № 46772)

000 -LEADER
fixed length control field 00658nam a2200217Ia 4500
001 - CONTROL NUMBER
control field 13616
003 - CONTROL NUMBER IDENTIFIER
control field GE_BSU
008 - FIXED-LENGTH DATA ELEMENTS--GENERAL INFORMATION
fixed length control field 181216s||||||||xx |||||||||||||| ||und||
040 ## - CATALOGING SOURCE
Transcribing agency GE_BSU
080 ## - UNIVERSAL DECIMAL CLASSIFICATION NUMBER
Universal Decimal Classification number 621.3.01
100 ## - MAIN ENTRY--PERSONAL NAME
Personal name Нестеренко,А.Д.
245 ## - TITLE STATEMENT
Title Введение в теоретическую электротехнику.
245 ## - TITLE STATEMENT
Remainder of title Учебное пособие.
245 ## - TITLE STATEMENT
Statement of responsibility, etc. Ред. П.Я.Фурер.
260 ## - PUBLICATION, DISTRIBUTION, ETC.
Place of publication, distribution, etc. Киев.
260 ## - PUBLICATION, DISTRIBUTION, ETC.
Name of publisher, distributor, etc. Наукова Думка.
260 ## - PUBLICATION, DISTRIBUTION, ETC.
Date of publication, distribution, etc. 1969.
300 ## - PHYSICAL DESCRIPTION
Extent 352 стр. 27см.
653 ## - INDEX TERM--UNCONTROLLED
Uncontrolled term Введение в теоретическую электротехнику.
942 ## - ADDED ENTRY ELEMENTS (KOHA)
Koha item type წიგნი
ეგზემპლარები
Withdrawn status Lost status Damaged status Not for loan Date acquired Barcode Date last seen Price effective from Koha item type
        2018-12-17 10678 2018-12-17 2018-12-17 წიგნი
        2018-12-17 10679 2018-12-17 2018-12-17 წიგნი